| 000 | 00628nam a2200229Ia 4500 | ||
|---|---|---|---|
| 001 | dia_2308 | ||
| 003 | CHAP | ||
| 005 | 20251023171139.0 | ||
| 008 | 220117s1999 xx 000 0 und d | ||
| 010 | _a172829 | ||
| 040 | _cCHAP | ||
| 082 | _a658 A7 | ||
| 100 |
_aArguelles, Antonio _97033 |
||
| 245 |
_aHacia la Reingeniería Educativa, el Caso Conalep / _c por Antonio Arguelles |
||
| 260 |
_aMéxico : _b Noriega, _c1999 |
||
| 300 | _a232 p. | ||
| 650 |
_a1.Refrigeración. _9149007 |
||
| 901 | _a658 A7 | ||
| 902 | _aM | ||
| 905 | _a0000001999 MEXX 0000000000ESP00 | ||
| 942 |
_cLIBRO _2ddc |
||
| 999 |
_c172829 _d172829 |
||